| 000 | 00357cam a2200145ua 4500 | ||
|---|---|---|---|
| 041 |
_aeng _h |
||
| 082 |
_a823.308 _bLAU/ST |
||
| 100 | _aLaurence, Margaret . | ||
| 245 |
_aStone angel / _cMargaret Laurence. _hTextual Documents |
||
| 260 |
_aLondon : _bMcMillon & Co Ltd , _c1964. |
||
| 300 | _a263 ; . | ||
| 504 | _a | ||
| 942 | _cBK | ||
| 999 |
_c5069 _d5069 |
||